| 000 | 00777nam a22002057a 4500 | ||
|---|---|---|---|
| 999 |
_c12106 _d12106 |
||
| 003 | AR-CdUCM | ||
| 008 | 190405b ||||| |||| 00| 0 spa d | ||
| 040 |
_aMUNICIPALIDAD PROVINCIAL DEL CUSCO _cBIBLIOTECA MUNICIPAL DEL CUSCO |
||
| 082 |
_aC / 343 / _bV78 / 1964 |
||
| 100 |
_aVizcarra, Julio A. _916673 |
||
| 245 | _aNecesidad de una reforma constitucional / | ||
| 260 |
_aCusco : _bH. G. Rozas, _c1964. |
||
| 300 |
_a126 páginas ; _c21 cm. |
||
| 505 | _aContenido: Nacionalidad de la mujer -- Perdida de la nacionalidad -- Garantías financieras -- Garantías monetarias -- El juramento -- Retroactividad de la ley ... | ||
| 650 |
_aDerecho constitucional _94734 |
||
| 650 |
_aPerú _935 |
||
| 650 |
_aReforma _94889 |
||
| 942 |
_2ddc _cLIBROS |
||
| 945 |
_aachl _d2019-04-05 |
||